000 00200 a2200097 4500
001 8642
100 _aS.M. Latif Khan Bahadur
245 _aLahore
260 _a
_bSang-e-Meel
_c
090 _c6961
_d6961
942 _aNUST-CAE
_cM
_c33557
999 _c243715
_d243715